|
|
|
|
| LEADER |
01455nam a2200361 i 4500 |
| 001 |
37104 |
| 003 |
BD-DhAAL |
| 005 |
20200223134343.0 |
| 008 |
160311t20192017enk b 001 0 eng d |
| 999 |
|
|
|c 42238
|d 42238
|
| 010 |
|
|
|a 2016004972
|
| 020 |
|
|
|a 9781138821149 (hardback)
|
| 020 |
|
|
|z 9781315743479 (ebook)
|
| 020 |
|
|
|z 9780367321857
|
| 040 |
|
|
|a DLC
|b eng
|c DLC
|e rda
|d DLC
|d BD-DhAAL
|
| 050 |
0 |
0 |
|a HB74.P8
|b R68 2017
|
| 082 |
0 |
0 |
|a 330.019
|2 23
|
| 245 |
0 |
0 |
|a Routledge handbook of behavioral economics /
|c edited by Roger Frantz, Shu-Heng Chen, Kurt Dopfer, Floris Heukelom, and Shabnam Mousavi ; ; [contributors, Morris Altman ... et al.].
|
| 264 |
|
1 |
|a London :
|b Routledge, Taylor & Francis Group,
|c c2017 [2019]
|
| 300 |
|
|
|a xii, 422 pages ;
|c 25 cm.
|
| 490 |
0 |
|
|a Routledge international handbooks.
|
| 504 |
|
|
|a Includes bibliographical reference and index.
|
| 526 |
|
|
|a BIGD
|
| 541 |
|
|
|a Amazon
|e 37104
|
| 650 |
|
0 |
|a Economics
|x Psychological aspects.
|9 39465
|
| 700 |
1 |
|
|a Frantz, Roger S.
|9 39466
|
| 700 |
1 |
|
|a Chen, Shu-Heng
|9 39467
|
| 700 |
1 |
|
|a Dopfer, Kurt
|9 39468
|
| 700 |
1 |
|
|a Heukelom, Floris
|9 39469
|
| 700 |
1 |
|
|a Mousavi, Shabnam
|9 39470
|
| 852 |
|
|
|a Ayesha Abed Library
|c General Stacks
|
| 942 |
|
|
|2 ddc
|c BK
|
| 952 |
|
|
|0 0
|1 0
|2 ddc
|4 0
|6 330_019000000000000_ROU
|7 0
|9 67986
|a IGS
|b IGS
|c GEN
|d 2020-02-23
|e Amazon
|g 4335.48
|l 0
|o 330.019 ROU
|p 3010037104
|r 2020-02-23
|t 1
|v 4335.48
|w 2020-02-23
|y BK
|x This property belongs to Ayesha Abed Library
|